000 00829nam a2200253 c 4500
003 BLK
005 20190913121314.0
008 180911b bul|||||r ||||||| ||bul||
010 _a004336
040 _aBLK
041 _aFRE
080 _z949.72
100 1 _a
_eпърви автор
245 1 0 _aLes MACEDONIENS dans la vie culturo-politique de la Bulgarie
246 _aEnquete du Com. executif maced
_bMACEDONIENS
260 _aSofia
_bAl. Pascalew et c-ie
_c1919
_fImpr. de la Cour Royale
300 _a96 с
_c24 см
380 _a9
490 _aBibl. des "Questions Balques"
490 _aЧастна колекция - Академик Михаил Арнаудов
_gДарение - Основен фонд
655 _aбългарска история
852 _aМА 1383
942 _cKNG
_n0
944 _aCR
_c1996
_kValK
999 _c344670
_d344670